000 00835nam a22002055i 4500
001 160230
003 ES-MaACL
005 20230906211955.0
008 040923s1897 fr a |||| | fre d
040 _aCAM
_bspa
_cCAM
100 1 _aMorgan, Jacques de.
_983521
245 1 0 _aEthnographie préhistorique et tombeau royal de Négadah /
_cpar J. de Morgan; avec la collaboration de Wiedemann, G. Jéquier et Fouquet.
260 _aParis :
_bErnest Leroux éditeur,
_c1897 (
_eAngers :
_fImprimerie Orientale de A. Burdin)
300 _aIX, 393 p., [5] h. de lám. :
_bil. ;
_c28 cm.
490 1 _aRecherches sur les origines de l'Egypte
651 4 _aEgipto-
_yPrehistoria.
_9137129
830 0 _aRecherches sur les origines de l'Egypte
_9188282
852 _aES-MaACL
_jF-12914
_z-- Enc. pasta española
999 _c160230
_d160230